Quizzes
Events
Quiz Creation
Community
Videos
Private Events
Remove Ads
Sign In
Join for FREE
Feedback
Dark Mode
Quiz Categories
Sports
Geography
Music
Movies
Television
Just For Fun
Miscellaneous
History
Literature
Language
Science
Gaming
Entertainment
Religion
Holiday
For Kids
Quiz Lab
Recent
Popular Today
Quiz Kudos Today
Editor Picks
Curator Picks
Quizzes by...
Day
Popularity
Type
Ratings
Length
Year
Community
Subscriptions
Recent Discussions
Orange Saloon
Badges
Playlists
Quests
Create
Leaderboards
Showdown
Live 5
Trivia Bingo
Activity
Puzzle Library
Sporcle Events
Private Events
Virtual Trivia
Globe League
Become a Host
Pub Owners
SporcleCon
Opinionation
Our Games
Videos
Blog
Mobile Apps
Partnerships
Remove Ads and Go Orange
Feedback
Music
Pop Music
The Beatles
Song
Album
Lyrics
Bands
Singers
Artist
Clip
Rock
Rap
Classical
Billboard
Country Music
Kpop
Taylor Swift
Music
Pop Music
The Beatles
Song
Album
Lyrics
Bands
Singers
Artist
Clip
Rock
Rap
Classical
Billboard
Country Music
Kpop
Taylor Swift
Random Quiz
Search Sporcle
×
Quiz Lab
Quiz Lab
Music
dog
Select answers by clicking on text or image buttons
Select answers by clicking on text or image buttons
Clickable
Best Score? Go Orange.
Punk Rock Dog Names Stats
Can You Match-Up the Punk Rock Dog Names to the Song and Band?
By
treessimontrees
10m
36 Questions
222 Plays
222 Plays
222 Plays
Comments
Comments
Give Quiz Kudos
Give Quiz Kudos
-
- Ratings
hide this ad
More Info
Replay
Link that replays current quiz
Next Quiz
Link to next quiz in quiz playlist
You Got
0%
They Got
Avg Score
39%
Avg Friend Score
Upgrade to see
Score Distribution
Jump to the score distribution portion of the page
Score
0/36
Timer
10:00
0
Plays Today
% Correct
London
82.4%
Queen
75.2%
Sheena
71.6%
Judy
66.2%
Blister
64%
Suzy
56.8%
Cretin
53.6%
Venus
52.7%
Havana
44.6%
Janie
42.8%
Commando
40.5%
Jocko
40.5%
Helena
40.5%
Billy
38.7%
Psycho
38.3%
Rambozo
37.4%
Claire
36.9%
Denis
35.6%
% Correct
Chump
34.2%
Christie
34.2%
Sunday
32.9%
Butterbean
32%
Bill
30.6%
Christine
29.7%
Rose
29.7%
Jigsaw
29.3%
Macho
29.3%
Lorraine
28.8%
Loco
28.4%
Josie
26.1%
Heaven
25.7%
Jeff
22.1%
Moon
21.2%
Scorpio
19.8%
Kim
19.8%
Snowball
18.9%
Quiz Playlist
Details
Report
Send in Message
Add To Playlist
More Info:
Example: Dog name: "Ace" Song: "Ace of Spades" Band: "Motorhead"
Clickable:
Select answers by clicking on text or image buttons
Quiz Source
Last Updated: Dec 7, 2018
Quiz Scoreboard
CHALLENGE
Sign Up to Join the Scoreboard
Show All
Scores
Hide
Comments
May contain spoilers
Recently Published
9x9 Crossword: Cartoon Network
by jackfrog10
Miscellaneous
3m
College Basketball Coaching Resumes
by pancakes188
Sports
9m
Billboard Blitz: Fleetwood Mac
by CooCooCachoo
Music
15s
More to Explore
Quiz From the Vault
Featured Blog Post
Where Did the Easter Bunny Come From?
hide this ad
You Might Also Like...
Tags
Birth Name
Boys Names
dog
Girls Names
Modern Punk
punk
Punk Albums
Punk Artists
Punk Bands
Punk Rock
Punk Songs
Rock Songs
Today's Top Quizzes in Music
Browse Music
hide this ad
Today's Top Quizzes in dog
Browse dog
Top Contributed Quizzes in Music
1
Taylor Swift All Songs (2024)
2
Guess the Artist- 70s Songs
3
7-to-1: Billboard Hot 100 #1 Hits of 2010s
4
Sorting Albums and Songs
5
Taylor Swift Logic Puzzle
6
KPOP LOGIC QUIZ
7
Guess the Taylor Swift song (Mystery Song)
8
One Thing in Common: Music
9
2010s Album by Cover III
10
Guess The Taylor Swift Lyrics Song #1
Explore More
Trending Topics
Marvel
Anime
Crossword
Disney
Kpop
NBA
Harry Potter
Country
WWE
Puzzle
Pokémon
Song
Soccer
The Office
NFL
hide this ad
More By:
treessimontrees
Quiz
Plays
Rating
Category
Featured
Created
Premier League or Not?
95,922
2.37
Sports
Mar 5, 2019
Who's That Holding the Premier League Trophy?
67,766
4.48
Sports
May 13, 2019
2019/20 Premier League Teams by Home Kit
48,466
4.26
Sports
Jul 8, 2019
Win The Premier League: 2018–19
46,895
3.67
Sports
Oct 18, 2019
Match the Premier League team to the kit '19-20
42,384
3.50
Sports
Jul 10, 2019
Go to Creator's Profile
Score Distribution
Quiz Creator Spotlight
treessimontrees
Follow
Send a Message
Quizzes Created
-
Created Quiz Play Count
-
More By This Creator
Popular Quizzes Today
1
Find the US States - No Outlines Minefield
2
Find the Countries of Europe - No Outlines Minefield
3
The Countries of the World
4
Find the US States
5
Risky Map Clicking: Biggest States A-Z
6
US States
7
Popular People in 1961
8
Movies - When Are They Set?
More Music Quizzes
Unique Words in ABBA Songs
Quiz Lab
Trending Quizzes
Risky Map Clicking: Least Populous States A-Z
1-10 Letter G Words
1-10 Letter F Words
Risky Map Clicking: Next State Alphabetically
Adjectives in 80s TV Shows
Recently Updated
Leaping Animals
pecheneg
Reality TV Shows (A-Z)
bhenderson79
Rickey Henderson's Hall of Fame Teammates
pecheneg
Champions League XIs: Arsenal
pecheneg
Quick Pick: Celebrities in WWE's Hall of Fame
aduchscher
A-Z Keypad Blitz II
pecheneg
Multiple Oscar Actors
pecheneg
Mystery Phrase Blitz: Oscar 'Best Actors'
pecheneg
F. Scott Fitzgerald Novels
LTH
Pick 3 Villains
ddd62291
Trending Topics
Marvel
NBA
Anime
Kpop
Crossword
Disney
Harry Potter
The Office
Puzzle
Soccer
WWE
Pokémon
NFL
Song
Country
Your Account Isn't Verified!
In order to create a playlist on Sporcle, you need to verify the email address you used during registration. Go to your
Sporcle Settings
to finish the process.
Report this User
Report this user for behavior that violates our
Community Guidelines
.
Details:
Send Report
Go to the Sporcle.com Mobile Site →
Comments